000 00378nab a22001097u 4500
008 130520b2007 xxu||||| |||| 00| 0 spa d
041 _aspa
100 1 _aTorres Queiruga, Andrés
_92747
245 0 0 _aRepensar el pluralismo: de la inculturación a la inreligionación
_cAndrés Torres Queiruga
773 0 _tConcilium
_gnº319,2007,págs. 119-128
_x0210-1041
_wRev134
942 _cAR
999 _c380475
_d380475